Measuring Japan’s Technical Barriers to Trade Based on the China’s Fruit Exports to Japan
Analýza vplyvu technických prekážok obchodu s poľnohospodárskymi výrobkami, ktoré Japonsko uskutočňuje pri importe ovocia z Číny. Na meranie colných ekvivalentov technických bariér sa používa metóda cenového klinu (the price wedge method).
Enregistré dans:
| Auteur principal: | |
|---|---|
| Autres auteurs: | , |
| Format: | Chapitre de livre |
| Langue: | anglais |
| Sujets: | |
| Tags: |
Pas de tags, Soyez le premier à ajouter un tag!
|
MARC
| LEADER | 00000naa a2200000 4500 | ||
|---|---|---|---|
| 001 | 0242879 | ||
| 005 | 20221104110254.0 | ||
| 041 | 0 | |a eng | |
| 044 | |a CZ | ||
| 245 | 1 | 0 | |a Measuring Japan’s Technical Barriers to Trade Based on the China’s Fruit Exports to Japan |c Qianhui Gao, Shoichi Ito, Hisamitsu Saito |
| 520 | |a Analýza vplyvu technických prekážok obchodu s poľnohospodárskymi výrobkami, ktoré Japonsko uskutočňuje pri importe ovocia z Číny. Na meranie colných ekvivalentov technických bariér sa používa metóda cenového klinu (the price wedge method). | ||
| 610 | 2 | 0 | |a Japonsko |
| 610 | 2 | 0 | |a Čína |
| 610 | 2 | 0 | |a vývoz |
| 610 | 2 | 0 | |a ovocie |
| 610 | 2 | 0 | |a metódy ekonometrické |
| 610 | 2 | 0 | |a kvalita potravín |
| 610 | 2 | 0 | |a spotrebitelia |
| 610 | 2 | 0 | |a poľnohospodárstvo |
| 610 | 2 | 0 | |a poľnohospodárstvo ekologické |
| 100 | 1 | |a Gao, Qianhui | |
| 700 | 1 | |a Ito, Shoichi | |
| 700 | 1 | |a Saito, Hisamitsu | |